|
|
|
|
| LEADER |
01220nam a22003492i 4500 |
| 001 |
000278099 |
| 003 |
CZ BrMZK |
| 005 |
20161219144834.0 |
| 007 |
ta |
| 008 |
980105s1978 xr a f eng d |
| 015 |
|
|
|a cnb000421509
|
| 035 |
|
|
|a (OCoLC)42182992
|
| 040 |
|
|
|a ABA001
|b cze
|c BOA001
|d ABA001
|d BOA001
|e rda
|
| 041 |
1 |
|
|a eng
|a fre
|a rus
|h cze
|
| 080 |
|
|
|a 551.49+551.5(437)(041)=20=40=82
|
| 080 |
|
|
|a 551.4/.5(437)
|
| 100 |
1 |
|
|a Vesecký, Antonín,
|d 1908-1978
|7 jk01142084
|4 aut
|
| 245 |
1 |
0 |
|a Meteorology and hydrology in the Czechoslovak socialist republic /
|c zpracovali Antonín Vesecký a Bořivoj Sobíšek
|
| 250 |
|
|
|a 1. vydání
|
| 264 |
|
1 |
|a Praha :
|b Hydrometeorologický ústav,
|c 1978
|
| 300 |
|
|
|a 45 stran :
|b ilustrace ;
|c 8°
|
| 336 |
|
|
|a text
|b txt
|2 rdacontent
|
| 337 |
|
|
|a bez média
|b n
|2 rdamedia
|
| 338 |
|
|
|a svazek
|b nc
|2 rdacarrier
|
| 500 |
|
|
|a Přeloženo z češtiny
|
| 500 |
|
|
|a 1000 výtisků
|
| 546 |
|
|
|a Souběžný francouzský a ruský text
|
| 700 |
1 |
|
|a Sobíšek, Bořivoj,
|d 1933-
|7 mzk2006337335
|4 aut
|
| 910 |
|
|
|a BOA001
|b X-0797.519
|
| 990 |
|
|
|a BK
|
| 991 |
|
|
|b 201611
|
| 996 |
6 |
|
|b 2619886438
|c X-0797.519
|l MZK
|r Sklad / do 24 hodin
|n 8
|w 000278099
|u 000010
|a 1
|e BOA001
|j MZK50
|s P
|